000 00489nam a2200169Ia 4500
008 240729s9999 xx 000 0 und d
022 _a2231-2714
245 0 _aInternational Journal of Yoga
260 _aIndia
260 _bWolters Kluwer Medknow Publications
650 _a Miscellaneous systems and treatments
650 _a Other systems of medicine
650 _aMedicine
856 _uhttps://doaj.org/toc/c04f9a5e90a54740b4a220d061fa63bc
942 _2ddc
942 _cDOAJEJ
999 _c67073
_d67073
945 _a1
_bMadushi Gamage
_c1
_dMadushi Gamage